书目信息 |
| 题名: |
一叶知秋
|
|
| 作者: | 杨伟名 | |
| 分册: | ||
| 出版信息: | 北京 社会科学文献出版社 38018 |
|
| 页数: | 211页 | |
| 开本: | 20cm | |
| 丛书名: | ||
| 单 册: | ||
| 中图分类: | F320.2 | |
| 科图分类: | ||
| 主题词: | 农业经济--中国 | |
| 电子资源: | ||
| ISBN: | 7-80190-142-8 | |
| 000 | 00499nam0 2200181 450 | |
| 001 | 0728815141 | |
| 005 | 20070819080015.14 | |
| 010 | @a7-80190-142-8@d¥18.00 | |
| 100 | @a20070819d km y0chiy0120 ea | |
| 101 | 0 | @achi |
| 200 | 1 | @a一叶知秋@Ayi ye zhi qiu@f杨伟名@Fyang wei ming |
| 210 | @a北京@c社会科学文献出版社@d38018 | |
| 215 | @a211页@d20cm | |
| 606 | 0 | @a农业经济@x中国 |
| 690 | @aF320.2@v3 | |
| 701 | 0 | @a杨伟名@Ayang wei ming |
| 801 | 0 | @aCN@bPFT@c20070819 |
| 905 | @a213230@dF320.2@eZW16@f1 | |
| 一叶知秋/杨伟名.-北京:社会科学文献出版社,38018 |
| 211页;20cm |
| ISBN 7-80190-142-8:¥18.00 |
| ● |
| 相关链接 |
|
|
|
|
正题名:一叶知秋
索取号:F320.2/ZW16
 
预约/预借
| 序号 | 登录号 | 条形码 | 馆藏地/架位号 | 状态 | 备注 |
| 1 | 7601567 | 276015679 | 密集书库-文学院/ [索取号:F320.2/ZW16] | 在馆 |